| 000 | 01885nam a22003857a 4500 | ||
|---|---|---|---|
| 003 | CO-BoRNBP | ||
| 005 | 20231018161002.0 | ||
| 008 | 141006b2012 ve a|||g|||| 00| 01sspad | ||
| 020 | _a9789588445694 | ||
| 020 | _a9802570516 | ||
| 040 |
_aCO-BoRNBP _bspa _erda _cCO-BoRNBP |
||
| 082 | 0 | 4 |
_222 _a(i) 808.068543 F793g |
| 100 | 1 |
_aFox, Mem _d1946- _95212 |
|
| 245 | 1 | 0 |
_aGuillermo Jorge Manuel José _cMem Fox ; ilustrado por Julie Vivas ; traducción de Gabriela Uribe |
| 250 | _aEdición especial para el Ministerio de Cultura | ||
| 264 |
_aCaracas _aBogotá _bEkaré _c2012 |
||
| 300 |
_a[32] páginas sin numerar _bilustraciones a color _c21 cm |
||
| 336 |
_atexto _btxt _2rdacontent |
||
| 337 |
_asin mediación _bn _2rdamedia |
||
| 338 |
_avolumen _bnc _2rdacarrier |
||
| 490 | _aLeer es mi cuento | ||
| 500 | _aIncluye datos biográficos del autor y de la ilustradora | ||
| 520 | _aHabía una vez un niño llamado Guillermo Jorge Manuel José. Su casa quedaba al lado de un hogar para ancianos y conocía a todos los que allí vivían. Cuando descubre que la señorita Ana Josefina Rosa Isabel ha perdido la memoria, el niño emprende una búsqueda para recuperar los recuerdos de su amiga | ||
| 521 | _aRecomendado para niños desde los 6 años | ||
| 534 | _tWilfrid Gordon McDonald Partridge | ||
| 650 | 1 | 4 |
_2LEMB _aCuentos infantiles australianos _ySiglo XX _923651 |
| 650 | 1 | 4 |
_2LEMB _aLiteratura infantil australiana _ySiglo XX _910626 |
| 650 | 1 | 4 |
_2LEMB _aNiños en la literatura _9504 |
| 650 | 1 | 4 |
_2LEMB _aAmistad en la literatura _9497 |
| 650 | 1 | 4 |
_2LEMB _aAncianos en la literatura _916390 |
| 700 | 1 |
_aVivas, Julie _eilustrador _989397 |
|
| 700 | 1 |
_aUribe, Gabriela _etraductor _989398 |
|
| 830 |
_aColección para la Primera Infancia del Ministerio de Cultura, Plan Nacional de Lectura y Escritura Leer es mi cuento, Primera Infancia 2012 _989399 |
||
| 942 |
_2ddc _cBK |
||
| 999 |
_c645 _d645 |
||